Cuestiones fundamentales de derecho canónico y de derecho eclesiástico del Estado

Shranjeno v:
Bibliografske podrobnosti
Glavni avtor: Molano, Eduardo (autor)
Format: Knjiga
Jezik:španščina
Izdano: Pamplona Ediciones Universidad de Navarra S. A 2015
Izdaja:1a. ed
Serija:Canónica
Teme:
Oznake: Označite
Brez oznak, prvi označite!

MARC

LEADER 00000cam a2200000 a 4500
001 UCE9262
003 CL-VaPUC
008 151016e20150000sp |||||||||||||||||spa|d
020 |a 9788431330361 
082 0 4 |a 262.9  |b MOL  |2 21 
100 |a Molano, Eduardo  |e autor  |9 582038 
245 1 0 |a Cuestiones fundamentales de derecho canónico y de derecho eclesiástico del Estado 
250 |a 1a. ed 
300 |a 712 p 
942 |c BK 
945 |d 20151016 11:49:00  |a dcastane 
260 |a Pamplona  |b Ediciones Universidad de Navarra S. A  |c 2015 
650 7 |a DERECHO CANONICO  |2 CL-VaPUC  |9 582039 
650 0 |a Derecho eclesiástico  |9 255055 
650 0 |a Iglesia Católica  |9 256114 
583 |a last modification  |c 20151016 11:49:00  |k Rodrigo Vera 
490 0 |a Canónica 
999 |c 360931  |d 360929 
952 |0 0  |1 0  |3 erb  |4 0  |6 262_900000000000000_MOL_2015  |7 0  |8 A  |9 471211  |a BIBDER  |b BIBDER  |i 5242789  |l 2  |m 1  |o 262.9 MOL 2015  |p 5242789  |r 2024-12-09  |s 2024-11-27  |w 2019-11-24  |y BK  |z Catalogado en:20151016  |k DER